UM Logo

The Crab and the Monkey (tagalog)/ (Record no. 11666)

MARC details
000 -LEADER
fixed length control field 00525nam a22001577a 4500
008 - FIXED-LENGTH DATA ELEMENTS--GENERAL INFORMATION
fixed length control field 181218b ||||| |||| 00| 0 eng d
020 ## - INTERNATIONAL STANDARD BOOK NUMBER
International Standard Book Number 9715422888
082 ## - DEWEY DECIMAL CLASSIFICATION NUMBER
Edition number 2001
Classification number DFil 899.211
Item number P53
245 ## - TITLE STATEMENT
Title The Crab and the Monkey (tagalog)/
Statement of responsibility, etc. Damiana Eugenio [Compiler and editor]
260 ## - PUBLICATION, DISTRIBUTION, ETC. (IMPRINT)
Place of publication, distribution, etc. Quezon City
Name of publisher, distributor, etc. UPcPress
Date of publication, distribution, etc. c2001.
300 ## - PHYSICAL DESCRIPTION
Extent Page 63-64;
Dimensions 23 cm
500 ## - GENERAL NOTE
General note Philippine folk literature: the folk tales
650 ## - SUBJECT ADDED ENTRY--TOPICAL TERM
Topical term or geographic name as entry element Folklore
9 (RLIN) 33369
650 ## - SUBJECT ADDED ENTRY--TOPICAL TERM
Topical term or geographic name as entry element Philipine Folk literature--Collections
9 (RLIN) 33370
942 ## - ADDED ENTRY ELEMENTS (KOHA)
Source of classification or shelving scheme Dewey Decimal Classification
Koha item type Filipiniana
Holdings
Withdrawn status Lost status Source of classification or shelving scheme Damaged status Not for loan Collection code Home library Current library Date acquired Total Checkouts Full call number Date last seen Price effective from Koha item type Public note
    Dewey Decimal Classification     Filipiniana UM Digos College - LIC UM Digos College - LIC 08/28/2004   DFil 899.211 P53 2001 12/18/2018 12/18/2018 Filipiniana Short Stories